The future of our inner city areas: Planning and Development Division study day, London, 20 May 1977 (Record no. 88221)

MARC details
000 -LEADER
fixed length control field 00649cam a2200193 4500
001 - CONTROL NUMBER
control field D15415
008 - FIXED-LENGTH DATA ELEMENTS--GENERAL INFORMATION
fixed length control field 090401t1977 xxu||||| |||| 00| 0 eng d
035 ## - SYSTEM CONTROL NUMBER
System control number (Sirsi) u22637
041 ## - LANGUAGE CODE
Language code of text/sound track or separate title eng
050 ## - LIBRARY OF CONGRESS CALL NUMBER
Classification number 711.52
110 ## - MAIN ENTRY--CORPORATE NAME
Corporate name or jurisdiction name as entry element Royal Institution of Chartered Surveyors
9 (RLIN) 4900
245 #4 - TITLE STATEMENT
Title The future of our inner city areas: Planning and Development Division study day, London, 20 May 1977
260 ## - PUBLICATION, DISTRIBUTION, ETC.
Name of publisher, distributor, etc. RICS
Date of publication, distribution, etc. 1977
350 ## - PRICE (NR) (BK AM CF MU VM SE) [OBSOLETE]
Price 0
520 ## - SUMMARY, ETC.
Summary, etc. 3 papers, RICS memorandum on inner city regeneration (GCPA/Report (77)9); Filed in Archives box 1977/9 ABC
710 ## - ADDED ENTRY--CORPORATE NAME
Corporate name or jurisdiction name as entry element Planning and Development Division
9 (RLIN) 784
942 ## - ADDED ENTRY ELEMENTS (KOHA)
Suppress in OPAC 0
948 ## - LOCAL PROCESSING INFORMATION (OCLC); SERIES PART DESIGNATOR (RLIN)
c (OCLC) 04/03/1997
Holdings
Withdrawn status Lost status Source of classification or shelving scheme Damaged status Not for loan Home library Current library Shelving location Date acquired Total Checkouts Full call number Barcode Date last seen Copy number Price effective from Koha item type
    Other/Generic Classification Scheme     London London RICS Boxes 14/09/1999   RICS 1977/9 30009411 06/08/2019 1 06/08/2019 Reference material
    Other/Generic Classification Scheme     London London RICS Boxes 13/08/1991   RICS 1977/9 30009415 06/08/2019 2 06/08/2019 Book
    Other/Generic Classification Scheme     London London RICS Boxes 22/08/1991   RICS 1977/9 30026536 06/08/2019 3 06/08/2019 Reference material